000 00567nam a2200205Ia 4500
005 20260429112044.0
008 260429s9999||||xx |||||||||||||| ||und||
020 _a9789385516696
041 _aEnglish
082 _a571.2
_bBHA
100 _aBhattacharya, A.
245 0 _aAbiotic stress and physiological process in plants /
_cA. Bhattacharya
250 _a1st ed.
260 _aNew Delhi :
_bNew India Publishing Agency,
_c2017.
300 _axv, 451 p.; hb
650 _a Abiotic stress
650 _a Botany
650 _aPlant physiology
942 _cTB
999 _c52116
_d52116